10 Most Under-Represented U.S. States - Statistics

General Stats
  • This quiz has been taken 378 times
    244 since last reset
  • The average score is 4 of 10
Answer Stats
Pop. Per Seat State % Correct
823,443 Texas
84%
834,722 Florida
79%
842,487 Arizona
53%
816,867 Nevada
39%
875,903 Utah
27%
1,000,810 Idaho
26%
819,079 Oklahoma
26%
1,051,917 Delaware
23%
924,669 South Dakota
21%
884,990 West Virginia
16%
No matching quizzes found
Score Distribution
Percent of People with Each Score
Percentile by Number Answered
Your Score History
You have not taken this quiz since the last reset